000 00734nam a22001935i 4500
001 166950
003 ES-MaACL
005 20250829175032.0
008 041022s1812 sp |||| | spa d
040 _aCAM
_bspa
_cCAM
080 _a946.0"1808/1814"(093)
245 0 0 _aVallesteros
_b: el impugnador impugnado /
_c[ciudadano Cordovés, R. de G.].
260 _aCadiz :
_b[s.n.],
_c1812 (
_fImprenta patriótica)
300 _a19 p. ;
_c22 cm.
600 1 7 _aBallesteros López, Francisco,
_d1770-1833
_2
_9125789
651 4 _aEspaña-
_xHistoria-
_y1808-1814, Guerra de la Independencia-
_vFuentes.
_9142504
852 _aES-MaACL
_jR-3308(5)
_z-- Enc. piel grab. con hierros
_z-- Enc. en un vol. facticio
999 _c166950
_d166950